000 00708nam a22002177a 4500
003 OSt
005 20140310182021.0
008 130731t xxu||||| |||| 00| 0 eng d
020 _a9782970038504
050 _aPE 1128
_b.W187 2003
082 _aTR 428.24
_bW15 2003
100 _aWallace, Ellen
_97054
245 _aThe fine line :
_bcommunicating clearly in English in an internaitonal setting /
_cEllen Wallace.
260 _aLondon, United Kingdom :
_bZidao Communication.,
_cc2003.
300 _a168 p. :
_c24 cm.
541 _j1
562 _e1
650 _aCommunication, International.
_97055
650 _aEnglish language
_xInternational education.
_97056
942 _2lcc
_cBK-TR
_kTR
999 _c8351
_d8351